Normal view
MARC view
- جوني، احمد عبد الكاظم واخرون، م.مشارك مرسلينا شعبان حسن، م.مشارك علي عبدالرحيم صالح، م.مشارك نغم هادي حسين، م.مشارك حسام محمد منشد، م.مشارك زينة علي صالح الرحيم
Entry Personal Name
001 - CONTROL NUMBER
- control field: 61502
003 - CONTROL NUMBER IDENTIFIER
- control field: JO-AjAnu
005 - DATE AND TIME OF LATEST TRANSACTION
- control field: 20230606084041.0
008 - FIXED-LENGTH DATA ELEMENTS
- fixed length control field: 230606|| aca||aabn | a|a d
040 ## - CATALOGING SOURCE
- Original cataloging agency: JO-AjAnu
- Transcribing agency: JO-AjAnu
100 ## - HEADING--PERSONAL NAME
- Personal name: جوني، احمد عبد الكاظم واخرون، م.مشارك مرسلينا شعبان حسن، م.مشارك علي عبدالرحيم صالح، م.مشارك نغم هادي حسين، م.مشارك حسام محمد منشد، م.مشارك زينة علي صالح الرحيم
670 ## - SOURCE DATA FOUND
- Source citation: Work cat.: (JO-AjAnu)31371: جوني، احمد عبد الكاظم واخرون، م.مشارك مرسلينا شعبان حسن، م.مشارك علي عبدالرحيم صالح، م.مشارك نغم هادي حسين، م.مشارك حسام محمد منشد، م.مشارك زينة علي صالح الرحيم, author, التحرش الجنسي: مفهومه-اسباسه-علاجه=(Concept-Causes- Treatment)Sexual Harassment